Missing Word: 'A' History Figures Quiz Stats

Quiz Updated Aug 31, 2015

Challenge
Share
Tweet
Embed
Score 0/30 Timer 03:00
0 Plays Today
Hint Answer % Correct
____ Lincoln - US PresidentAbraham
99.7%
____ Einstein - physicistAlbert
99.5%
Joan of ____ - French heroineArc
98%
Muhammad ____ - boxerAli
96.7%
____ Earhart - aviatrixAmelia
94.6%
____ Jackson - US PresidentAndrew
92.4%
____ Christie - crime novelistAgatha
91.1%
Wolfgang ____ Mozart - composerAmadeus
90.8%
____ the Hun - conquerorAttila
89.6%
Yasser ____ - Palestinian leaderArafat
89.1%
____ the Great - King of MacedoniaAlexander
89%
Benedict ____ - American Revolution traitorArnold
87.4%
Marie ____ - French queen consortAntoinette
83.4%
Maya ____ - writerAngelou
81.5%
Madeleine ____ - US Secretary of StateAlbright
80.7%
Hint Answer % Correct
Jane ____ - 19th century novelistAusten
79.1%
Mark ____ - Roman politicianAntony
75.3%
____ Sadat - President of EgyptAnwar
74.6%
____ Rand - objectivist writerAyn
72.1%
____ Vespucci - explorerAmerigo
68.2%
Kofi ____ - UN General SecretaryAnnan
61.5%
____ the Great - King of WessexAlfred
45.1%
Roald ____ - polar explorerAmundsen
41.1%
Yuri ____ - Soviet leaderAndropov
38.6%
Isabel ____ - novelistAllende
33.7%
Mustafa Kemal ____ - first President of TurkeyAtatürk
32.6%
____ Dürer - painterAlbrecht
29.4%
____ Bakr - early Muslim CaliphAbu
18.7%
____ San Suu Kyi - Burmese democratAung
18.5%
Túpac ____ - Inca emperorAmaru
10.7%

Today's Daily Dose

You're not logged in!

Compare scores with friends on all Sporcle quizzes.
Join for Free
OR
Log In

You Might Also Like...

Show Comments

Extras

Top Quizzes Today


Score Distribution

Your Account Isn't Verified!

In order to create a playlist on Sporcle, you need to verify the email address you used during registration. Go to your Sporcle Settings to finish the process.

Report this User

Report this user for behavior that violates our Community Guidelines.

Details: